000 00573nam a2200241 a 4500
001 nice12345678
003 IN_TiNIC
005 20260116011830.0
008 050524s1968 enga grp 000 0 eng
020 _a
_c64.8
082 0 0 _a248.4
_bMAR
100 _aMary, S Edna
245 _aReligious Life
260 _aEngland
_bPenguin Book
_c1968
300 _a250p
500 _aincludes index and biblioraphy
505 2 _aAppendex, Bibliography, Index
650 _aChristian-Life
700 1 _aMary, S Edna
902 _bSRS
942 _cBK
999 _c4300
_d4300